[Event "Buenos Aires Masters op"]
[Site "Buenos Aires"]
[Date "2023.06.15"]
[Round "2"]
[White "Cuellar, Jose"]
[Black "Quintans, Fernando"]
[Result "1/2-1/2"]
[WhiteElo "1830"]
[BlackElo "1447"]
[PlyCount "93"]
[EventDate "2023.06.14"]
[EventType "swiss"]
[EventRounds "9"]
[EventCountry "ARG"]
[SourceTitle "CBM 215 Extra"]
[Source "ChessBase"]
[SourceDate "2023.09.30"]
[SourceVersion "1"]
[SourceVersionDate "2023.09.30"]
[SourceQuality "1"]

1. d4 Nf6 2. Nf3 e6 3. e3 g6 4. Be2 Bg7 5. c4 b6 6. Nc3 Bb7 7. 0-0 0-0 8. b3 d6 9. Qc2 Nbd7 10. Rd1 Rc8 11. Bb2 Qe7 12. e4 e5 13. Bd3 c6 14. dxe5 Nxe5 15. Nxe5 dxe5 16. a4 Rfd8 17. Ba3 Qe6 18. Be2 Rd4 19. Bf3 Rcd8 20. Ne2 R4d7 21. Rxd7 Rxd7 22. Nc3 h5 23. Bc1 Kh7 24. a5 Qe7 25. axb6 axb6 26. Be3 Qd8 27. Na4 c5 28. h3 Bh6 29. Bxh6 Kxh6 30. Nc3 Rd2 31. Qc1 Kg7 32. Nd5 Rd3 33. Qc2 Rxf3 34. gxf3 h4 35. Qd2 Nh5 36. Qc3 Qg5+ 37. Kf1 Bxd5 38. exd5 Nf4 39. Ra2 Qg2+ 40. Ke1 Qg1+ 41. Kd2 Qxf2+ 42. Kc1 Nd3+ 43. Qxd3 Qxa2 44. d6 Qa1+ 45. Kc2 Qa2+ 46. Kc1 Qa1+ 47. Kc2 1/2-1/2